Statystyki dla Kto Był Wtedy Na Boisku Półfinał LM Liverpool-Barcelona

Kliknij tutaj aby rozwiązać quiz!

Ogólne statystyki

  • Ten quiz został rozwiązany 382 razy
  • Średni wynik to 9 z 11

Statystyki odpowiedzi

PozycjaZawodnik% Poprawnych
NMessi
99%
BramkarzTer-Stegen
98%
NSuarez
97%
ŚOPique
95%
LOAlba
94%
ŚPBusquets
79%
PORoberto
78%
ŚOLenglet
70%
ŚPRakitić
69%
LPCoutinho
55%
PPVidal
38%

Rozkład punktacji

Percentyl według liczby udzielonych odpowiedzi

Procent ludzi z każdym wynikiem

Twoja historia wyników

Nie rozwiązałeś tego quizu